| 000 | 00626nam a2200169Ia 4500 | ||
|---|---|---|---|
| 003 | IN-BaIIA | ||
| 008 | 211028s9999 xx 000 0 eng d | ||
| 040 | _cIIA Library | ||
| 080 |
_a52 _bASP |
||
| 110 |
_aAstronomical Society of the Pacific _91154 |
||
| 245 | 4 |
_aThe Adolfo Stahl lectures in astronomy _bdelivered in San Francisco, California, in 1916-17 and 1917-18, under the auspices of the Astronomical Society of the Pacific _cAstronomical Society of Pacific |
|
| 260 |
_aSan Francisco _bThe Stanford University _c1919 |
||
| 300 | _axiv, 257p. | ||
| 650 |
_aAstronomy _980 |
||
| 650 |
_aAstrophysics _9794 |
||
| 942 | _cBK | ||
| 999 |
_c500 _d500 |
||